000 00692nas a2200241 4500
001 BR7603560
003 BR-BrBNA
005 20231205083014.0
007 ta
008 230509b bl.|||p| |||| 00| 00por d
040 _aBR-BrBNA
_bpor
_cBiblioteca Nacional de Agricultura
041 _a(Pt)
072 _aL73
100 1 _aAnon.
245 1 _aEnterotoxemia, a enfermidade da nutricao [ovelha, bacteria, nutricao animal]
650 _aOVELHA
650 _aENTEROTOXEMIA
650 _aBACTERIA
650 _aNUTRICAO ANIMAL
773 0 _tGranja (Brazil)
_xISSN 0367-505X
_g(Jul 1976), v. 32(342) p. 16-18
_wBR7603560
909 _a202311
_bLúcia
_c55
_dLúcia Elande
942 _2AGRIS
_n0
_cANA
999 _c95704
_d95704